• 首页
  • 本馆介绍
  • 公告通知
  • 最新文献
  • 馆藏检索
  • 电子资源
  • 读者导购
  • 参考咨询
  • 我的图书馆
  • 登录
  • 详细信息显示
  • 放入我的书架
  • 预约/预借图书
  • 作者相关作品
  • 分类相关作品
  • 丛书相关作品
  • 出版社相关作品

书目信息

  • 表格格式
  • 工作单格式
  • 卡片格式
题名:
2010年考研英语真题考点与常见错误透析
    
 
作者: 宫东风英语教学团队 编写
分册:  
出版信息: 北京   高等教育出版社  2009
页数: 308页
开本: 26cm
丛书名:
单 册:
中图分类: H31
科图分类:
主题词: 英语
电子资源:
ISBN: 7-04-026552-4
000 00710nam0 2200193 450
001 0951553354
005 20091019142008.09
010    @a7-04-026552-4@dCNY32.00
100    @a20091019d2009 km y0chiy0120 ea
101 0  @achi
102    @aCN@b110000
200 1  @a2010年考研英语真题考点与常见错误透析@A2010 nian kao yan ying yu zhen ti kao dian yu chang jian cuo wu tou xi@f宫东风英语教学团队编写@Fgong dong feng ying yu jiao xue tuan dui bian xie
210    @a北京@c高等教育出版社@d2009
215    @a308页@d26cm
606 0  @a英语
690    @aH31@v4
701  0 @a宫东风英语教学团队@Agong dong feng ying yu jiao xue tuan dui@4编写
801  0 @aCN@b大连网信软件有限公司图书馆·11@c20091019
905    @aZUCC@dH31@e1427
    
    2010年考研英语真题考点与常见错误透析/宫东风英语教学团队编写.-北京:高等教育出版社,2009
    308页;26cm
    
    
    ISBN 7-04-026552-4:CNY32.00
    
●
相关链接 在E读中查询图书 在五车中查询图书 在当当中查询图书 在豆瓣中查询图书


正题名:2010年考研英语真题考点与常见错误透析     索取号:H31/1427         预约/预借

序号 登录号 条形码 馆藏地/架位号 状态 备注
1 0625033   206250331   第二样本阅览室/ [索取号:H31/1427] 在馆    
2 0625034   206250340   第四借阅区/ [索取号:H31/1427] 在馆    
3 0625035   206250359   第四借阅区/ [索取号:H31/1427] 在馆    
4 0625036   206250368   第四借阅区/ [索取号:H31/1427] 在馆    
5 0625037   206250377   第四借阅区/ [索取号:H31/1427] 在馆    
6 0625038   206250386   第四借阅区/ [索取号:H31/1427] 在馆    
唐山师范学院图书馆 欢迎您!
大连网信软件有限公司© 版权所有